书目信息 |
| 题名: |
土木工程计算方法手册
|
|
| 作者: | 希克斯 , Hicks 主编 ;罗世勋 译 | |
| 分册: | ||
| 出版信息: | 成都 四川人民出版社 1983 |
|
| 页数: | 462页 | |
| 开本: | 21cm | |
| 丛书名: | ||
| 单 册: | ||
| 中图分类: | TU311.4 | |
| 科图分类: | ||
| 主题词: | 建筑结构--理论 , 建筑结构--结构计算 | |
| 电子资源: | ||
| ISBN: | ||
| 000 | 00798nam0 2200277 45 | |
| 001 | 0183004899 | |
| 005 | 20040517084620.7 | |
| 010 | @dCNY2.17 | |
| 091 | @a15118.75 | |
| 100 | @a19950725d1983 em y0chiy0121 ea | |
| 101 | 1 | @achi@ceng |
| 102 | @aCN@b510000 | |
| 105 | @ay z 000yy | |
| 106 | @ar | |
| 200 | 10 | @a土木工程计算方法手册@Atu mu gong cheng ji suan fang fa shou ce@f(美)泰勒·G.希克斯(T.G.Hicks)主编@g罗世勋译 |
| 210 | @a成都@c四川人民出版社@d1983 | |
| 215 | @a462页@d21cm | |
| 606 | 0 | @a建筑结构@x理论 |
| 606 | 0 | @a建筑结构@x结构计算 |
| 690 | @aTU311.4 | |
| 701 | 1 | @a希克斯@Axi ke si@bT.G.@4主编 |
| 701 | A1 | @aHicks@bT.G.@4主编 |
| 702 | 0 | @a罗世勋@Aluo shi xun@4译 |
| 801 | 0 | @aCN@b上海图书馆@c20040517 |
| 801 | 2 | @aCN@bNLC@c20040517 |
| 905 | @f1@b117250@dTU311.4@e67 | |
| 土木工程计算方法手册/(美)泰勒·G.希克斯(T.G.Hicks)主编/罗世勋译.-成都:四川人民出版社,1983 |
| 462页;21cm |
| ISBN :CNY2.17 |
| ● |
| 相关链接 |
|
|
|
|
正题名:土木工程计算方法手册
索取号:TU311.4/67
 
预约/预借
| 序号 | 登录号 | 条形码 | 馆藏地/架位号 | 状态 | 备注 |
| 1 | 0117250 | 001484673 | 第三借阅区/ [索取号:TU311.4/67] | 在馆 |